000 00499nam a2200193Ia 4500
003 0100
008 130227s9999 xx 000 0 und d
040 _cARRUPELIB
050 _aB105.P4D43 2004
100 _aDeCrane, Susanne M.
245 _aAquinas, feminism and the common good
260 _aWashington
260 _bGeorgetown University Press
260 _C2004
300 _axiii
300 _b 220p. 22cm.
650 _bLiterature, American - History and criticism
942 _2lcc
_01
999 _c6184
_d6184